| 000 | 01131cam a22002775a 4500 | ||
|---|---|---|---|
| 001 | 18201889 | ||
| 005 | 20160823125051.0 | ||
| 008 | 140626s2014 moua fr d 000 0 eng d | ||
| 010 | _a 2014397715 | ||
| 020 | _a9780323100120 (pbk.) | ||
| 020 | _a0323100120 (pbk.) | ||
| 040 |
_aDLC _beng _dEG-ScBUE _cDLC |
||
| 042 | _apcc | ||
| 082 | 0 | 4 |
_222 _a617.6003 _bMOS |
| 245 | 0 | 0 |
_aMosby's dental dictionary / _ceditorial board, David R. Avery [and eleven others]. |
| 246 | 3 | 0 | _aDental dictionary |
| 250 | _a3rd ed. | ||
| 260 |
_aSant Louis, Missouri : _bMosby, Inc. / Elsevier inc., _c2014. |
||
| 300 |
_axi, 791 p. : _bill. (chiefly col.) ; _c21 cm. |
||
| 520 | _aDesigned for use by the entire dental team, this title includes more than 10,000 terms and 300 full-color illustrations. It features terms, more pronunciations, and extensive appendices for quick, easy-to-use access to information used daily in the clinical setting. | ||
| 650 | 7 |
_aDentistry _vDictionaries. _2BUEsh _940808 |
|
| 651 | _2BUEsh | ||
| 653 |
_bDDent _cAugust 2016 |
||
| 700 | 1 |
_aAvery, David R. _940809 _eeditor |
|
| 942 |
_2ddc _e22 _k617.6003 MOS |
||
| 999 |
_c22187 _d22159 |
||